Alle em 2024 Torschützen - Statistiken

Allgemein
  • Dieses Quiz wurde 50 mal gespielt
    31 seit der letzten Aktualisierung
  • Das Durchschnittsergebnis liegt bei 31 aus 81
Antwortstatistiken
Nation Torart Antwort % Korrekt
Deutschland T Wirtz
92%
Deutschland T Musiala
88%
Deutschland T Musiala
88%
Deutschland ST Havertz
84%
Deutschland T Füllkrug
80%
Deutschland T Füllkrug
80%
Polen ST Lewandowski
80%
Deutschland ET Rüdiger
80%
Deutschland T Gündogan
72%
Frankreich ST Mbappe
72%
Deutschland T Can
68%
England T Kane
68%
Türkei T Güler
64%
Spanien T Morata
60%
England T Bellingham
56%
Kroatien T Modric
56%
Schweiz T Shaqiri
56%
Schweiz T Embolo
52%
Niederlande T Gakpo
52%
Niederlande T Gakpo
52%
Österreich T Sabitzer
52%
Portugal T Bruno Fernandes
44%
Italien ET Calafiori
44%
Georgien T Mikautadze
44%
Georgien ST Mikautadze
44%
Georgien ST Mikautadze
44%
Italien T Barella
40%
Italien T Bastoni
40%
Belgien T De Bruyne
40%
Spanien T Fabian
40%
Georgien T Kvaratskhelia
40%
Niederlande T Weghorst
40%
Dänemark T Eriksen
36%
Niederlande ET Malen
36%
Schottland T McTominay
36%
Schweiz T Ndoye
36%
Slowakei T Schranz
36%
Slowakei T Schranz
36%
Türkei ET Akaydin
32%
Österreich ST Arnautovic
32%
Portugal T Bernardo Silva
32%
Tschechien T Schick
32%
Rumänien T Stanciu
32%
Ungarn T Varga
32%
Österreich ET Wöber
32%
Schweiz T Aebischer
28%
Albanien T Bajrami
28%
Österreich T Baumgartner
28%
Spanien T Carvajal
28%
Niederlande T Depay
28%
Albanien T Gjasula
28%
Albanien ET Gjasula
28%
Türkei T Müldür
28%
Ukraine T Yaremchuk
28%
Türkei T Aktürkoglu
24%
Türkei T Calhanoglu
24%
Rumänien T Dragus
24%
Kroatien T Kramaric
24%
Tschechien T Soucek
24%
Belgien T Tielemans
24%
Österreich T Trauner
24%
Italien T Zaccagni
24%
Portugal T Conceicao
20%
Schweiz T Duah
20%
Slowakei T Duda
20%
Dänemark T Hjulmand
20%
Slowenien T Janza
20%
Serbien T Jovic
20%
Rumänien T Marin
20%
Rumänien T Marin
20%
Polen T Buksa
16%
Spanien T Ferran Torres
16%
Österreich T Schmid
16%
Ukraine T Shaparenko
16%
Türkei T Tosun
16%
Ungarn T Csoboth
12%
Tschechien ET Hranac
12%
Slowenien T Karnicnik
12%
Albanien T Laci
12%
Polen T Piatek
12%
Tschechien T Provod
12%
Keine übereinstimmenden Quizze gefunden
Verteilung der Resultate
Anzahl Personen mit jedem Resultat
Perzentil nach korrekt beantworteten Fragen
Ihre Resultats-Entwicklung
Sie haben dieses Quiz seit der letzten Aktualisierung nicht gespielt